Statistics for 日本の名字(姓)トップ100

Click here to take the quiz!

General Stats

  • This quiz has been taken 2,234 times
  • The average score is 40 of 100

Answer Stats

HintAnswer% Correct
1位佐藤
98%
4位田中
91%
2位鈴木
89%
12位山田
84%
3位高橋
81%
5位伊藤
74%
7位山本
73%
22位
70%
18位
68%
10位加藤
68%
6位渡辺
64%
9位小林
62%
8位中村
60%
19位斎藤
59%
14位山口
59%
13位佐々木
58%
43位太田
58%
15位松本
57%
11位吉田
57%
26位石川
54%
41位斉藤
53%
62位
52%
25位阿部
50%
17位木村
50%
32位岡田
50%
53位松田
49%
34位藤田
48%
59位石田
47%
16位井上
47%
61位上田
47%
38位遠藤
45%
36位近藤
45%
71位大野
44%
80位村田
44%
21位山崎
44%
48位藤原
43%
24位橋本
43%
37位村上
41%
49位中野
41%
60位森田
40%
27位山下
40%
28位中島
39%
55位小野
39%
40位坂本
39%
56位田村
38%
51位原田
38%
47位岡本
38%
29位石井
38%
57位中山
37%
52位中川
37%
76位高田
36%
42位福田
36%
20位清水
36%
30位小川
36%
23位池田
35%
45位藤井
35%
35位後藤
35%
33位長谷川
34%
31位前田
33%
39位青木
33%
72位小島
33%
89位武田
32%
90位松井
32%
69位安藤
31%
91位千葉
30%
95位久保
30%
63位内田
30%
58位和田
29%
97位野村
29%
87位上野
29%
44位西村
29%
75位工藤
29%
66位宮崎
28%
94位木下
27%
85位藤本
25%
83位小山
25%
100位菊池
25%
86位河野
24%
82位新井
24%
88位野口
24%
68位高木
23%
65位酒井
23%
70位宮本
23%
50位三浦
21%
46位金子
21%
96位佐野
21%
84位平野
20%
99位市川
19%
64位柴田
19%
67位横山
19%
74位今井
18%
73位谷口
18%
54位竹内
17%
81位大塚
17%
93位菅原
16%
79位杉山
16%
77位増田
16%
98位松尾
15%
78位丸山
15%
92位岩崎
11%

Score Distribution

Percentile by Number Answered

Percent of People with Each Score

Your Score History

You have not taken this quiz